| 000 | 01465nam a2200277Ia 4500 | ||
|---|---|---|---|
| 003 | OSt | ||
| 005 | 20210413140016.0 | ||
| 008 | 210310t1968 mx gr 000 0 spa d | ||
| 040 |
_aCO-JMCR _cCO-JMCR |
||
| 041 | 1 |
_aspa _heng |
|
| 082 | 0 | 4 |
_a336.2 / _bB618i _223 |
| 100 | 1 |
_aBird, Richard Miller, _914834 _ecompilador |
|
| 245 | 1 | 3 |
_aLa imposición fiscal en los países en desarrollo / _ccompiladores, Richard M. Bird, Oliver Oldman ; traducción de la edición revisada, en inglés, por Jose Meza Nieto |
| 250 | _aPrimera edición | ||
| 260 |
_aMéxico : _bUnión Tipográfica Editorial Hispano Americana, _c1968 |
||
| 300 |
_bix, 588 páginas ; _c23 cm. |
||
| 500 | _aIncluye datos a pie de página. Título original: Readings on taxation in developing countries | ||
| 504 | _aBibliografía : páginas 579-588 | ||
| 505 | 0 | _aPolítica fiscal y desenvolvimiento económico -- Sistemas fiscales comparativos -- Impuestos sobre la renta -- Impuestos directos sobre los desembolsos y la riqueza neta -- Impuestos sobre ventas y consumos -- Impuestos sobre el comercio exterior -- Impuestos sobre fianzas locales y propiedad raíz -- Administración de impuestos y ayuda técnica | |
| 546 | _aTraducido del inglés. | ||
| 650 | 1 | 4 |
_aPolítica fiscal _914836 _zPaíses en desarrollo |
| 650 | 2 | 4 |
_aImpuestos _zPaíses en desarrollo _936773 |
| 700 | 1 |
_aOldman, Oliver, _ecompilador _936774 |
|
| 700 | 1 |
_aMeza Nieto, Jose, _etraductor _936775 |
|
| 942 |
_2ddc _cBK |
||
| 999 |
_c7577 _d7577 |
||